000 00489nam a2200193Ia 4500
005 20250603145313.0
008 250603s9999 xx 000 0 und d
020 _a9780273769989
050 _aHF 5657.4 .M328/
100 _aAtkinson, Anthony A.
245 0 _aManagement accounting : information for decision-making and strategy execution
250 _a6th ed.
260 _aBoston
260 _bPearson
260 _c 2012
300 _a550 p
650 _aBoston
942 _cBK
999 _c41467
_d41467